New trends in material processing: (Record no. 125063)
[ view plain ]
| 000 -LEADER | |
|---|---|
| fixed length control field | 00594cam a2200157 4500 |
| 008 - FIXED-LENGTH DATA ELEMENTS--GENERAL INFORMATION | |
| fixed length control field | 150317n 000 0 eng u |
| 035 ## - SYSTEM CONTROL NUMBER | |
| System control number | (Sirsi) a188872 |
| 050 ## - LIBRARY OF CONGRESS CALL NUMBER | |
| Classification number | TS 200 NEW 1976 |
| 110 1# - MAIN ENTRY--CORPORATE NAME | |
| Corporate name or jurisdiction name as entry element | American society for metals |
| 245 ## - TITLE STATEMENT | |
| Title | New trends in material processing: |
| Remainder of title | papers presented at a seminar of the American society for metals October 19 and 20, 1974 |
| 260 ## - PUBLICATION, DISTRIBUTION, ETC. | |
| Place of publication, distribution, etc. | Ohio: |
| Name of publisher, distributor, etc. | American society for metals, |
| Date of publication, distribution, etc. | 1976. |
| 300 ## - PHYSICAL DESCRIPTION | |
| Extent | 363p. : |
| Other physical details | ill. |
| 500 ## - GENERAL NOTE | |
| General note | Material science symposium |
| 504 ## - BIBLIOGRAPHY, ETC. NOTE | |
| Bibliography, etc. note | Includes bibliographical references and index |
| 650 ## - SUBJECT ADDED ENTRY--TOPICAL TERM | |
| Topical term or geographic name entry element | Metal-work-congresses |
No items available.